Music Quiz

Random Music or Song Quiz
Score 0/10 Timer 10:00
0 Plays Today
% Correct
Un giorno mi dirai
66.7%
Il primo amore non si scorda mai
66.7%
Via da qui
66.7%
Nessun grado di separazione
66.7%
Cieli immensi
44.4%
La borsa di una donna
22.2%
Infinite volte
22.2%
Guardando il cielo
11.1%
Wake Up
11.1%
Quando sono lontano
11.1%
Come Together.
Have Fun.
All Virtual.
We all need to come together. Play Sporcle's virtual live trivia to have fun, connect with people, and get your trivia on. Join a live hosted trivia game for your favorite pub trivia experience done virtually. If a virtual private party is more your thing, go here for details.

You're not logged in!

Compare scores with friends on all Sporcle quizzes.
OR
Log In

Sporcle TV

Today on Sporcle TV


Watch our educational content, quiz creation guides, and fun videos on Sporcle TV.

Show Comments

Extras

Top Quizzes Today


Score Distribution

Paid Content

Your Account Isn't Verified!

In order to create a playlist on Sporcle, you need to verify the email address you used during registration. Go to your Sporcle Settings to finish the process.

Report this User

Report this user for behavior that violates our Community Guidelines.

Details: